| 000 | 01024cam a2200313Ia 4500 | ||
|---|---|---|---|
| 008 | |||
| 020 | _a0721601820 (hbk.) | ||
| 049 | _aMAIN | ||
| 090 |
_aRB46.6 _bTAY |
||
| 100 | 1 | _aTaylor, C. R. | |
| 245 | 1 | 0 |
_aImmunomicroscopy : _ba diagnostic tool for the surgical pathologist / _cClive R. Taylor [and] Richard J. Cote. |
| 250 | _a3rd ed. | ||
| 260 |
_aPhiladelphia : _bSaunders, _cc2006. |
||
| 300 |
_axiv, 531p. : _bcol. ill. ; _c26 cm. |
||
| 440 | 0 |
_aMajor problems in pathology ; _vv. 19. |
|
| 504 | _aIncludes bibliographical references. | ||
| 500 | _aIncludes index. | ||
| 650 | 0 | _aImmunohistochemistry. | |
| 650 | 0 |
_aPathology, Surgical _xTechnique. |
|
| 650 | 1 | 2 |
_aImmunohistochemistry _xmethods. |
| 650 | 2 | 2 |
_aMicroscopy, Immunoelectron _xmethods. |
| 650 | 2 | 2 |
_aPathology, Surgical _xmethods. |
| 700 | 1 | _aCote, Richard J. | |
| 907 |
_a.b10356320 _b31-03-15 _c31-03-15 |
||
| 003 | |||
| 005 | 20230120204151.0 | ||
| 040 | _cNUST | ||
| 942 |
_cBOOKS _kRB46.6 _mTAY |
||
| 999 |
_c118331 _d118331 |
||